[Event "Pere Noel"]
[Site "Montreal CAN"]
[Date "1982.12.26"]
[Round "1"]
[White "Brodie, Hugh"]
[Black "Forest, Charles"]
[Result "0-1"]
[WhiteElo "1937"]
[BlackElo "1763"]
[PlyCount "90"]
[EventDate "1982.12.26"]
[EventType "swiss"]
[EventRounds "5"]
[EventCountry "CAN"]

1. e4 e5 2. Nc3 Nf6 3. f4 d5 4. fxe5 Nxe4 5. Nf3 Bg4 6. Qe2 Nxc3 7. bxc3 c6 8.
d4 Be7 9. Qe3 Nd7 10. Bd3 Nf8 11. O-O Ne6 12. Bd2 O-O 13. h3 Bh5 14. Bf5 Bg6
15. g4 c5 16. Kh1 cxd4 17. cxd4 Rc8 18. Rab1 Qd7 19. h4 h5 20. Bxg6 fxg6 21.
Qd3 Nf4 22. Bxf4 Rxf4 23. Qxg6 Qxg4 24. Qxg4 hxg4 25. Rxb7 gxf3 26. Rxe7 Rxc2
27. Re8+ Kf7 28. Rh8 g6 29. Rb1 f2 30. Rb7+ Ke6 31. Re8+ Kf5 32. Rf8+ Ke4 33.
Rxf4+ Kxf4 34. Kg2 Ke3 35. Rb3+ Kxd4 36. e6 Rxa2 37. Rg3 Re2 38. Rxg6 Kc5 39.
h5 d4 40. e7 d3 41. e8=Q Rxe8 42. Kxf2 d2 43. Rg1 Kc4 44. Ra1 Kb3 45. h6 Kb2
0-1

[Event "Pere Noel"]
[Site "Montreal CAN"]
[Date "1982.12.27"]
[Round "2"]
[White "Singher, Jean-Pierre"]
[Black "Brodie, Hugh"]
[Result "0-1"]
[WhiteElo "1650"]
[BlackElo "1937"]
[PlyCount "56"]
[EventDate "1982.12.26"]
[EventType "swiss"]
[EventRounds "5"]
[EventCountry "CAN"]

1. d4 e6 2. c4 Bb4+ 3. Nd2 f5 4. Ngf3 b6 5. g3 Bb7 6. Bg2 Nf6 7. O-O Bxd2 8.
Qxd2 O-O 9. Rd1 Qe8 10. b3 d6 11. Bb2 Nbd7 12. Nh4 Bxg2 13. Nxg2 h6 14. Qe1 g5
15. f3 Qh5 16. Rac1 Rae8 17. c5 dxc5 18. dxc5 Nxc5 19. b4 Na6 20. Qc3 c5 21. a3
Qf7 22. Ne3 Kh7 23. g4 Nd5 24. Nxd5 exd5 25. Rxd5 cxb4 26. Qd3 Nc5 27. Rcxc5
bxc5 28. Rxf5 Qg6 0-1

[Event "Pere Noel"]
[Site "Montreal CAN"]
[Date "1982.12.28"]
[Round "3"]
[White "Lizotte, Michel"]
[Black "Brodie, Hugh"]
[Result "0-1"]
[WhiteElo "1456"]
[BlackElo "1937"]
[PlyCount "92"]
[EventDate "1982.12.26"]
[EventType "swiss"]
[EventRounds "5"]
[EventCountry "CAN"]

1. d4 Nf6 2. c4 e5 3. dxe5 Ng4 4. Nf3 Nc6 5. Nbd2 Bc5 6. e3 Ngxe5 7. Nxe5 Nxe5
8. Nf3 Qe7 9. Bd2 d6 10. b4 Bb6 11. Nxe5 Qxe5 12. Be2 O-O 13. Rc1 c6 14. O-O
Bf5 15. Bc3 Qe7 16. Bf3 Rad8 17. Re1 Be4 18. Qe2 d5 19. c5 Bc7 20. Bd4 Rfe8 21.
Bxe4 Qxe4 22. f3 Qg6 23. b5 Re6 24. b6 axb6 25. cxb6 Bb8 26. Rc5 Rde8 27. a4
Bd6 28. Rc2 f5 29. a5 Qh6 30. h3 Rg6 31. Kh1 Qh4 32. e4 fxe4 33. a6 bxa6 34.
Ra2 Qf4 35. Bg1 Bb4 36. Rb1 a5 37. Rxb4 axb4 38. b7 Rf6 39. Ra8 Rff8 40. g3
Qxf3+ 41. Qxf3 exf3 42. b8=Q Rxb8 43. Ra2 b3 44. Rb2 f2 45. Bxf2 Rxf2 46. Rxf2
b2 0-1

[Event "Pere Noel"]
[Site "Montreal CAN"]
[Date "1982.12.29"]
[Round "4"]
[White "Brodie, Hugh"]
[Black "Sasseville, Jean"]
[Result "0-1"]
[WhiteElo "1937"]
[BlackElo "2018"]
[PlyCount "97"]
[EventDate "1982.12.26"]
[EventType "swiss"]
[EventRounds "5"]
[EventCountry "CAN"]

1. Nf3 Nf6 2. b3 b6 3. g3 Bb7 4. Bg2 e6 5. Bb2 Be7 6. c4 O-O 7. O-O c5 8. d4 d6
9. Nc3 Nbd7 10. e3 a6 11. Qe2 Ne4 12. Rfd1 Qb8 13. Nd2 Nxc3 14. Bxc3 Bxg2 15.
Kxg2 b5 16. f3 Rd8 17. Ne4 Nf6 18. Nf2 b4 19. Bb2 a5 20. Nd3 Nd7 21. dxc5 dxc5
22. Rd2 a4 23. Rad1 a3 24. Ba1 Qc7 25. e4 f6 26. Nf4 Nf8 27. Rd3 Rxd3 28. Rxd3
Rd8 29. Qd2 Rxd3 30. Qxd3 Bd6 31. Qd2 Bxf4 32. gxf4 Kf7 33. h4 Ng6 34. Kg3 h5
35. e5 Ne7 36. Kh3 f5 37. Kg3 g6 38. Kf2 Ke8 39. Ke3 Qd7 40. Qxd7+ Kxd7 41. Kd3
g5 42. fxg5 Ng6 43. Ke3 Nxh4 44. Kf2 f4 45. Ke2 Ng6 46. Kf2 Ke8 47. Kg2 Ne7 48.
Kh3 Kf7 49. Kh4 0-1

[Event "Montreal-ch classe"]
[Site "Montreal CAN"]
[Date "1982.12.04"]
[Round "2"]
[White "Desforges, Jean"]
[Black "Brodie, Hugh"]
[Result "1/2-1/2"]
[WhiteElo "1905"]
[BlackElo "1927"]
[PlyCount "100"]
[EventDate "1982.12.03"]
[EventType "swiss"]
[EventRounds "5"]
[EventCountry "CAN"]

1. d4 e6 2. c4 Bb4+ 3. Nd2 f5 4. a3 Bxd2+ 5. Qxd2 b6 6. Nf3 Nf6 7. g3 Bb7 8.
Bg2 O-O 9. O-O Qe8 10. b3 d6 11. Bb2 Nbd7 12. Qc2 Qh5 13. Rfe1 Be4 14. Qc3 Rae8
15. Nd2 Bxg2 16. Kxg2 e5 17. e4 f4 18. Qf3 Qxf3+ 19. Kxf3 fxg3 20. hxg3 exd4
21. Kg2 c5 22. f3 Ne5 23. Rh1 Nd3 24. Rab1 Nxb2 25. Rxb2 Nd7 26. f4 Nf6 27. Kf3
g6 28. Re1 h5 29. b4 Ng4 30. Reb1 Kg7 31. b5 Re7 32. Rb3 Rfe8 33. a4 Nf6 34.
Re1 Kf7 35. Ra3 d5 36. e5 dxc4 37. Nxc4 Rd8 38. a5 Nd5 39. axb6 Nxb6 40. Nxb6
axb6 41. Ke4 Ke6 42. Ra4 Rc7 43. Rd1 Rdd7 44. Ra6 Rb7 45. Rd2 Rf7 46. Rc2 Rfc7
47. Rca2 Rd7 48. R6a4 Rbc7 49. Ra6 Rb7 50. R6a4 Rbc7 1/2-1/2

[Event "Montreal-ch classe"]
[Site "Montreal CAN"]
[Date "1982.12.04"]
[Round "3"]
[White "Brodie, Hugh"]
[Black "Szczepara, Marek"]
[Result "1-0"]
[WhiteElo "1927"]
[BlackElo "1833"]
[PlyCount "54"]
[EventDate "1982.12.03"]
[EventType "swiss"]
[EventRounds "5"]
[EventCountry "CAN"]

1. Nf3 e6 2. b3 b6 3. Bb2 Bb7 4. e3 Nh6 5. Be2 d6 6. O-O Nd7 7. c4 Rg8 8. Nc3
g5 9. d4 f5 10. Ne1 g4 11. f4 gxf3 12. Bxf3 Bxf3 13. Qxf3 e5 14. Qh5+ Rg6 15.
dxe5 dxe5 16. Rd1 c6 17. Nf3 Qc7 18. Nh4 Nf6 19. Qf3 Rg5 20. Nb5 cxb5 21. Qxa8+
Kf7 22. Nf3 Rxg2+ 23. Kxg2 Nhg4 24. Nxe5+ Nxe5 25. Rxf5 Neg4 26. Rxf6+ Nxf6 27.
Bxf6 Qc6+ 1-0

[Event "CAN-op"]
[Site "Vancouver CAN"]
[Date "1982.07.17"]
[Round "1"]
[White "Eschbach, Ralph"]
[Black "Brodie, Hugh"]
[Result "0-1"]
[WhiteElo "1479"]
[BlackElo "1928"]
[PlyCount "132"]
[EventDate "1982.07.17"]
[EventType "swiss"]
[EventRounds "10"]
[EventCountry "CAN"]

1. d4 Nf6 2. c4 e5 3. dxe5 Ng4 4. Bf4 Bb4+ 5. Nd2 Nc6 6. Ngf3 Qe7 7. a3 Ngxe5
8. Nxe5 Nxe5 9. e3 Bxd2+ 10. Qxd2 d6 11. Be2 O-O 12. O-O Bd7 13. c5 Bc6 14.
cxd6 Qxd6 15. Qxd6 cxd6 16. Rfd1 Rfd8 17. Rd2 Kf8 18. b4 Ke7 19. b5 Be4 20. Rd4
Bf5 21. Rad1 f6 22. Bg3 Be6 23. f4 Nf7 24. Bf3 Rab8 25. Ra4 Bb3 26. Rxa7 Bxd1
27. Bxd1 Rdc8 28. Bf3 Nd8 29. Be4 g6 30. Be1 Ra8 31. Rxb7+ Nxb7 32. Bxb7 Rc1
33. Bxa8 Rxe1+ 34. Kf2 Ra1 35. b6 Kd7 36. Bd5 Rxa3 37. g4 g5 38. Kf3 Ra4 39.
Kg3 Rb4 40. b7 Kc7 41. fxg5 fxg5 42. Kf3 h6 43. Kg3 Rb5 44. e4 Rc5 45. Kf2 Rc2+
46. Kg3 Rd2 47. Kh3 Rxd5 48. exd5 Kxb7 49. Kg3 Kb6 50. Kf3 Kc5 51. Ke4 Kc4 52.
h3 Kc5 53. Kf5 Kxd5 54. Kg6 Ke5 55. Kxh6 d5 56. Kxg5 d4 57. Kh6 d3 58. g5 d2
59. g6 d1=Q 60. g7 Qd8 61. Kh7 Qh4+ 62. Kg6 Qf6+ 63. Kh7 Qf7 64. Kh8 Qh5+ 65.
Kg8 Kf6 66. h4 Qf7+ 0-1

[Event "CAN-op"]
[Site "Vancouver CAN"]
[Date "1982.07.18"]
[Round "2"]
[White "Brodie, Hugh"]
[Black "Hands, Doug"]
[Result "1-0"]
[WhiteElo "1928"]
[BlackElo "1453"]
[PlyCount "101"]
[EventDate "1982.07.17"]
[EventType "swiss"]
[EventRounds "10"]
[EventCountry "CAN"]

1. Nf3 d6 2. c4 Nf6 3. g3 g6 4. Bg2 Bg7 5. Nc3 Nbd7 6. O-O e5 7. d3 O-O 8. Bd2
c6 9. Rc1 a5 10. Na4 Nb6 11. c5 Nxa4 12. Qxa4 Nd5 13. cxd6 Qxd6 14. Qc2 Nb4 15.
Qb1 Be6 16. b3 Rfd8 17. Be3 Na6 18. Bb6 Bh6 19. Bxd8 Bxc1 20. Bxa5 Bh6 21. Bc3
f6 22. Qb2 Nb4 23. Ra1 Nd5 24. Bd2 Bg7 25. Rc1 Nb4 26. a4 f5 27. Bc3 Ra5 28.
Qa3 c5 29. Qb2 b5 30. Bxe5 Bxe5 31. Qxe5 Qxe5 32. Nxe5 Bxb3 33. axb5 Rxb5 34.
Nd7 Na6 35. Bc6 Ra5 36. Bb7 Be6 37. Bxa6 Bxd7 38. Bc4+ Kf8 39. Rb1 Ra7 40. Kf1
Ke7 41. h4 Be6 42. Bxe6 Kxe6 43. Kg2 Ra2 44. Kf3 Ra4 45. Rb7 h5 46. Rc7 Kd6 47.
Rg7 Rg4 48. e3 Ke5 49. Kg2 c4 50. dxc4 Rxc4 51. Rxg6 1-0

[Event "CAN-op"]
[Site "Vancouver CAN"]
[Date "1982.07.18"]
[Round "3"]
[White "Berry, Jonathan"]
[Black "Brodie, Hugh"]
[Result "1-0"]
[WhiteElo "2243"]
[BlackElo "1928"]
[PlyCount "53"]
[EventDate "1982.07.17"]
[EventType "swiss"]
[EventRounds "10"]
[EventCountry "CAN"]

1. c4 e5 2. g3 Nf6 3. Bg2 d5 4. cxd5 Nxd5 5. Nc3 Nb6 6. Nf3 Nc6 7. d3 Be7 8. a3
Be6 9. b4 f5 10. O-O Bf6 11. Bb2 O-O 12. Rc1 a6 13. Na4 Nxa4 14. Qxa4 Qd7 15.
Rxc6 Qxc6 16. Qxc6 bxc6 17. Bxe5 Bxe5 18. Nxe5 Bd5 19. Nxc6 Bxg2 20. Kxg2 Rf6
21. Rc1 Kf8 22. e3 Ke8 23. d4 Kd7 24. Ne5+ Kc8 25. Rc5 Rb8 26. Nc6 Rb6 27. Ne7+
1-0

[Event "CAN-op"]
[Site "Vancouver CAN"]
[Date "1982.07.19"]
[Round "4"]
[White "Brodie, Hugh"]
[Black "Stermer, Mike"]
[Result "0-1"]
[WhiteElo "1928"]
[BlackElo "1729"]
[PlyCount "140"]
[EventDate "1982.07.17"]
[EventType "swiss"]
[EventRounds "10"]
[EventCountry "CAN"]

1. Nf3 d6 2. c4 g6 3. Nc3 Bg7 4. g3 Nf6 5. Bg2 O-O 6. O-O Nc6 7. d3 e5 8. Bd2
h6 9. Rb1 Nh7 10. Qc1 g5 11. b4 f5 12. b5 Ne7 13. Ne1 Ng6 14. e3 f4 15. Nd5 Nf6
16. exf4 exf4 17. gxf4 Nh7 18. fxg5 Nxg5 19. Nf4 Nxf4 20. Bxf4 Nh3+ 21. Bxh3
Bxh3 22. Ng2 Qf6 23. Bg3 Qf3 24. Ne1 Qf5 25. Ng2 Qxd3 26. Rb3 Qe4 27. f3 Qg6
28. Re1 Be5 29. Nh4 Bd4+ 30. Kh1 Qg7 31. Qc2 Rf6 32. Qd3 Bc5 33. Qd5+ Kh8 34.
Qxb7 Raf8 35. Qd5 Bd7 36. Rd3 Be8 37. Qe4 Bf7 38. Rdd1 Qg8 39. Rc1 Re8 40. Qg4
Qxg4 41. Rxe8+ Qg8 42. Rxg8+ Kxg8 43. Kg2 Re6 44. Kf1 Re3 45. Bf4 Ra3 46. Bxh6
Rxa2 47. Nf5 Rf2+ 48. Ke1 Rxf3 49. Ne7+ Kh7 50. Bg5 Rf2 51. h4 Rh2 52. Nd5 Bf2+
53. Kf1 Bxh4 54. Kg1 Bxg5 55. Rf1 Bxd5 56. Kxh2 Bxc4 57. Rb1 Kg6 58. Kg3 Kf5
59. Kf3 Ke5 60. Ra1 Bxb5 61. Rxa7 c6 62. Rg7 Bd8 63. Ke3 Bb6+ 64. Kd2 Kd5 65.
Kc2 Kc4 66. Rg4+ Bd4 67. Rh4 d5 68. Rg4 Kc5 69. Kb3 Be3 70. Rg3 d4 0-1

[Event "CAN-op"]
[Site "Vancouver CAN"]
[Date "1982.07.20"]
[Round "5"]
[White "Serion, Raul"]
[Black "Brodie, Hugh"]
[Result "0-1"]
[WhiteElo "1693"]
[BlackElo "1928"]
[PlyCount "58"]
[EventDate "1982.07.17"]
[EventType "swiss"]
[EventRounds "10"]
[EventCountry "CAN"]

1. e4 c5 2. Nf3 Nc6 3. d4 cxd4 4. Nxd4 g6 5. Be3 Bg7 6. Qd2 Nf6 7. f3 O-O 8.
Nc3 Qa5 9. O-O-O d6 10. Nb3 Qc7 11. g4 Be6 12. h4 Rfc8 13. h5 Ne5 14. hxg6 fxg6
15. Nd4 Bf7 16. Be2 a6 17. g5 Nh5 18. Rdg1 Nc4 19. Bxc4 Qxc4 20. Rxh5 gxh5 21.
f4 b5 22. f5 b4 23. Nb1 Be5 24. g6 hxg6 25. b3 Qc7 26. fxg6 Be8 27. Nf5 e6 28.
Bh6 a5 29. Nd4 Bxd4 0-1

[Event "CAN-op"]
[Site "Vancouver CAN"]
[Date "1982.07.21"]
[Round "6"]
[White "Brodie, Hugh"]
[Black "Knudskov, Bruno"]
[Result "1-0"]
[WhiteElo "1928"]
[BlackElo "1741"]
[PlyCount "65"]
[EventDate "1982.07.17"]
[EventType "swiss"]
[EventRounds "10"]
[EventCountry "CAN"]

1. Nf3 d5 2. b3 Nc6 3. Bb2 Nf6 4. e3 Bd7 5. Bb5 Nb8 6. Be2 Nc6 7. O-O e6 8. Ne5
Be7 9. f4 Bd6 10. d3 Qe7 11. Nd2 O-O-O 12. c4 Ne8 13. Bh5 Bxe5 14. fxe5 g6 15.
Bg4 Qg5 16. Qe2 Nxe5 17. Bxe5 Qxe5 18. d4 Qg7 19. Rac1 f5 20. Bf3 Bc6 21. b4 b6
22. b5 Bb7 23. c5 Kb8 24. a4 e5 25. dxe5 Qxe5 26. a5 Nf6 27. axb6 cxb6 28. c6
Rde8 29. cxb7 g5 30. Qf2 Qxe3 31. Rc8+ Kxb7 32. Qxe3 Rxe3 33. Rxh8 1-0

[Event "CAN-op"]
[Site "Vancouver CAN"]
[Date "1982.07.22"]
[Round "7"]
[White "Brodie, Hugh"]
[Black "Kuznecov, Alex"]
[Result "0-1"]
[WhiteElo "1928"]
[BlackElo "2200"]
[PlyCount "171"]
[EventDate "1982.07.17"]
[EventType "swiss"]
[EventRounds "10"]
[EventCountry "CAN"]

1. Nf3 g6 2. c4 Bg7 3. g3 c5 4. Bg2 Nc6 5. Nc3 e6 6. d3 Nge7 7. O-O O-O 8. Bd2
d5 9. Qc1 b6 10. cxd5 exd5 11. Bh6 d4 12. Bxg7 Kxg7 13. Ne4 f5 14. Ned2 Nd5 15.
Nc4 Re8 16. Re1 Bb7 17. Qd2 Qd7 18. Rac1 Re7 19. Kf1 Rae8 20. Qd1 h6 21. Qb3 g5
22. a3 Re6 23. Qd1 Rf8 24. Kg1 Ree8 25. Ncd2 Rf6 26. Rc2 Rfe6 27. Kf1 Kg6 28.
Qc1 Qd8 29. Nc4 Kg7 30. Ncd2 Nf6 31. Nb3 Qa8 32. Nxg5 hxg5 33. Qxg5+ Kf7 34.
Qxf5 Ne7 35. Qh3 Ng6 36. Bxb7 Qxb7 37. Qg2 Qe7 38. Nc1 Ne5 39. Rd2 Neg4 40. h3
Ne5 41. e4 dxe3 42. Rxe3 Qd7 43. Rde2 c4 44. dxc4 Nxc4 45. Rd3 Qxd3 46. Nxd3
Rxe2 47. Qb7+ R8e7 48. Qc6 Nxb2 49. Nf4 Rd2 50. Qb5 Nd1 51. Qc4+ Ke8 52. Qc8+
Kf7 53. Qc4+ Nd5 54. Nd3 Rxf2+ 55. Kg1 Rg2+ 56. Kh1 N1e3 57. Qh4 Ke8 58. Nf4
Nxf4 59. Qxf4 Rc2 60. Qb8+ Kf7 61. Qf4+ Kg8 62. Qg5+ Kf8 63. Qf4+ Ke8 64. Qb8+
Kd7 65. Qxa7+ Rc7 66. Qxb6 Nd5 67. Qb5+ Kd6 68. h4 Rb7 69. Qa6+ Rb6 70. Qd3 Re3
71. Qg6+ Re6 72. Qd3 Rb2 73. Qa6+ Rb6 74. Qd3 Rb2 75. Qa6+ Ke5 76. Qd3 Rc6 77.
Qd1 Rcc2 78. Qh5+ Kd4 79. Qg4+ Kc5 80. Qc8+ Kd4 81. Qg4+ Kc3 82. Qf3+ Kc4 83.
Qg4+ Kb3 84. Qf3+ Nc3 85. Qf7+ Kxa3 86. Qa7+ 0-1

[Event "CAN-op"]
[Site "Vancouver CAN"]
[Date "1982.07.23"]
[Round "8"]
[White "McLean, Brent"]
[Black "Brodie, Hugh"]
[Result "0-1"]
[WhiteElo "1720"]
[BlackElo "1928"]
[PlyCount "92"]
[EventDate "1982.07.17"]
[EventType "swiss"]
[EventRounds "10"]
[EventCountry "CAN"]

1. d4 e6 2. c4 Bb4+ 3. Nc3 f5 4. e3 Nf6 5. Bd3 b6 6. Nge2 Bb7 7. f3 O-O 8. O-O
Bxc3 9. Nxc3 d6 10. e4 fxe4 11. fxe4 Nbd7 12. Bg5 h6 13. Bh4 e5 14. d5 a6 15.
b4 Qe7 16. Rc1 Rf7 17. Qc2 Raf8 18. Na4 g5 19. Bg3 Nh5 20. Rxf7 Rxf7 21. c5
bxc5 22. bxc5 Ndf6 23. c6 Bc8 24. Bf2 Ng4 25. Ba7 Nf4 26. Bf1 Ng6 27. Nc3 Qf8
28. h3 Nf6 29. Rb1 Re7 30. Rb8 Re8 31. Qa4 g4 32. hxg4 Nxg4 33. Be2 Qf4 34.
Bxg4 Qxg4 35. Qd1 Qg5 36. Rb2 Rf8 37. Rf2 Nf4 38. Kf1 Bg4 39. Qd2 Qh4 40. Kg1
Qg3 41. Kh1 Rf7 42. Qe3 Qh4+ 43. Kg1 Rg7 44. g3 Bh5 45. Rg2 Nxg2 46. Kxg2 Qg4
0-1

[Event "CAN-op"]
[Site "Vancouver CAN"]
[Date "1982.07.24"]
[Round "9"]
[White "Brodie, Hugh"]
[Black "Aycock, Alan"]
[Result "1-0"]
[WhiteElo "1928"]
[BlackElo "1796"]
[PlyCount "73"]
[EventDate "1982.07.17"]
[EventType "swiss"]
[EventRounds "10"]
[EventCountry "CAN"]

1. Nf3 f5 2. e4 fxe4 3. Ng5 Nf6 4. d3 e5 5. Nxe4 Nc6 6. Be2 Nxe4 7. dxe4 d6 8.
O-O Be6 9. Be3 Qd7 10. Nc3 Be7 11. Bh5+ g6 12. Be2 O-O-O 13. Nd5 Rdf8 14. Bb5
a6 15. Bxc6 bxc6 16. Nb4 a5 17. Nd3 c5 18. f3 g5 19. Qd2 g4 20. f4 Qc6 21. f5
Bc4 22. b3 Bxd3 23. cxd3 Qb5 24. Rac1 h6 25. Rc4 Bg5 26. Bxg5 hxg5 27. Qxg5 Qd7
28. Qd2 Qh7 29. g3 Rf6 30. Rf2 Rh6 31. Rc2 Rh3 32. Rg2 d5 33. Rxc5 dxe4 34.
dxe4 Rd8 35. Rd5 Rxd5 36. Qxd5 Qh6 37. Qc5 1-0

[Event "CAN-op"]
[Site "Vancouver CAN"]
[Date "1982.07.24"]
[Round "10"]
[White "Campbell, Brett"]
[Black "Brodie, Hugh"]
[Result "1-0"]
[WhiteElo "2161"]
[BlackElo "1928"]
[PlyCount "83"]
[EventDate "1982.07.17"]
[EventType "swiss"]
[EventRounds "10"]
[EventCountry "CAN"]

1. g3 e5 2. Bg2 Nc6 3. c4 Nf6 4. Nc3 d6 5. Nf3 g6 6. d4 exd4 7. Nxd4 Bd7 8. b3
Bg7 9. Bb2 O-O 10. O-O Re8 11. e3 Qc8 12. Nd5 Nxd5 13. cxd5 Nxd4 14. Bxd4 Bh3
15. Bxg7 Kxg7 16. Rc1 Bxg2 17. Kxg2 Qd7 18. Qd4+ f6 19. Rfd1 a6 20. Rc3 Re7 21.
Rdc1 Qd8 22. b4 Kf7 23. e4 Rc8 24. f3 Qd7 25. Qa7 Qb5 26. Rc4 Ke8 27. a4 Qxa4
28. Qxb7 Kd8 29. Rc6 Rd7 30. Rxa6 Qb3 31. Rac6 Qe3 32. R1c2 Qa3 33. b5 Qa8 34.
Qa6 Rb8 35. Rxc7 Qxa6 36. Rxd7+ Kxd7 37. bxa6 Rb6 38. Ra2 Rb8 39. Kf2 Ra8 40.
Ke3 Kc7 41. a7 Kb7 42. f4 1-0

[Event "World op"]
[Site "Philadelphia USA"]
[Date "1982.07.02"]
[Round "1"]
[White "Brodie, Hugh"]
[Black "Rea, Andrew"]
[Result "1/2-1/2"]
[WhiteElo "1935"]
[BlackElo "1975"]
[PlyCount "83"]
[EventDate "1982.07.02"]
[EventType "swiss"]
[EventRounds "8"]
[EventCountry "USA"]

1. Nf3 Nf6 2. g3 g6 3. b4 Bg7 4. Bb2 d6 5. Bg2 e5 6. d3 O-O 7. O-O Nh5 8. e4 c6
9. c4 Be6 10. Nbd2 Na6 11. a3 Rc8 12. Qe2 Rc7 13. Rac1 Rd7 14. Rfd1 f5 15. d4
fxe4 16. Nxe4 d5 17. Neg5 Bg4 18. h3 Bxf3 19. Nxf3 e4 20. Ne5 Rd6 21. cxd5 cxd5
22. Qb5 e3 23. fxe3 Nxg3 24. Rc2 Nf5 25. Bc1 Nh4 26. Qxb7 Nxg2 27. Rxg2 Qh4 28.
Kh2 Qe4 29. Qe7 Rdf6 30. Rdg1 Bh6 31. Rg4 Qc2+ 32. R4g2 Rf2 33. Qe6+ Kh8 34.
Qxa6 Rxg2+ 35. Rxg2 Qxc1 36. Ng4 Bxe3 37. Nxe3 Qxe3 38. Qxa7 Qf4+ 39. Kg1 Qc1+
40. Kh2 Qf4+ 41. Kg1 Qf1+ 42. Kh2 1/2-1/2

[Event "World op"]
[Site "Philadelphia USA"]
[Date "1982.07.02"]
[Round "2"]
[White "Diovanni, A."]
[Black "Brodie, Hugh"]
[Result "1-0"]
[WhiteElo "1980"]
[BlackElo "1935"]
[PlyCount "75"]
[EventDate "1982.07.02"]
[EventType "swiss"]
[EventRounds "8"]
[EventCountry "USA"]

1. e4 c5 2. Nf3 Nc6 3. Bb5 g6 4. c3 Nf6 5. e5 Nd5 6. O-O Bg7 7. d4 cxd4 8. cxd4
O-O 9. Qe2 Qb6 10. Rd1 Nc7 11. a4 a6 12. Bxc6 bxc6 13. Na3 Nd5 14. Nc4 Qc7 15.
Bd2 a5 16. Qe1 Ba6 17. Nxa5 Rfb8 18. b4 Qb6 19. Rdb1 Bd3 20. Rb3 Rxa5 21. Rxd3
Ra6 22. Rda3 Rba8 23. a5 Qb5 24. Qf1 Qb8 25. Qc4 d6 26. Rb1 Rxa5 27. Rxa5 Rxa5
28. Qxc6 Rb5 29. Ra1 Nc7 30. exd6 exd6 31. Qxd6 Bf8 32. Qd7 Rd5 33. Qc6 Rd6 34.
Qc4 Nd5 35. b5 Nb6 36. Qb3 Rd5 37. Ra6 Qb7 38. Rxb6 1-0

[Event "World op"]
[Site "Philadelphia USA"]
[Date "1982.07.03"]
[Round "3"]
[White "Brodie, Hugh"]
[Black "Smith, C."]
[Result "0-1"]
[WhiteElo "1935"]
[BlackElo "1900"]
[PlyCount "64"]
[EventDate "1982.07.02"]
[EventType "swiss"]
[EventRounds "8"]
[EventCountry "USA"]

1. f4 d5 2. e3 g6 3. Nf3 Bg7 4. d4 Nf6 5. Bd3 O-O 6. O-O Nbd7 7. Ne5 c5 8. c3
c4 9. Bc2 Nb6 10. f5 gxf5 11. Bxf5 Bxf5 12. Rxf5 e6 13. Rf4 Nbd7 14. Nxd7 Qxd7
15. Nd2 Rfe8 16. e4 e5 17. dxe5 Rxe5 18. exd5 Qxd5 19. Rd4 Qc5 20. Nf3 Ree8 21.
Kf1 Ne4 22. Qc2 Bxd4 23. Nxd4 Rad8 24. Bf4 Qh5 25. Re1 Qg6 26. Re2 Rd7 27. Qd1
Rde7 28. Re3 Kh8 29. Qe2 Qf6 30. g3 Nxg3+ 31. hxg3 Rxe3 32. Qxc4 Rxg3 0-1

[Event "World op"]
[Site "Philadelphia USA"]
[Date "1982.07.03"]
[Round "4"]
[White "Hansen, D."]
[Black "Brodie, Hugh"]
[Result "0-1"]
[WhiteElo "1942"]
[BlackElo "1935"]
[PlyCount "36"]
[EventDate "1982.07.02"]
[EventType "swiss"]
[EventRounds "8"]
[EventCountry "USA"]

1. e4 c5 2. Nc3 Nc6 3. f4 e6 4. Nf3 a6 5. g3 g6 6. Bg2 c4 7. d4 cxd3 8. Qxd3
Bg7 9. Be3 Nge7 10. O-O O-O 11. a3 Qc7 12. b4 Nxb4 13. axb4 Qxc3 14. Bc5 Qxd3
15. cxd3 Bxa1 16. Bxe7 Re8 17. Rxa1 Rxe7 18. e5 d5 0-1

[Event "World op"]
[Site "Philadelphia USA"]
[Date "1982.07.04"]
[Round "5"]
[White "Bezviner, L."]
[Black "Brodie, Hugh"]
[Result "0-1"]
[WhiteElo "1970"]
[BlackElo "1935"]
[PlyCount "78"]
[EventDate "1982.07.02"]
[EventType "swiss"]
[EventRounds "8"]
[EventCountry "USA"]

1. e4 c5 2. c4 Nc6 3. Nc3 g6 4. g3 Bg7 5. Bg2 d6 6. Nge2 e6 7. d3 Nge7 8. O-O
O-O 9. Be3 Nd4 10. Rb1 Nec6 11. a3 a5 12. f4 f5 13. b3 Rb8 14. a4 Qd7 15. Qd2
b6 16. Nb5 Bb7 17. Nexd4 Nxd4 18. Nxd4 Bxd4 19. Bxd4 cxd4 20. Rbe1 Rbe8 21. e5
d5 22. c5 Ra8 23. Rc1 b5 24. axb5 Qxb5 25. Rfd1 Rfc8 26. Qb2 Qb4 27. Ra1 Rxc5
28. Qf2 Bc6 29. Rdb1 Bb5 30. Bf1 Rac8 31. Ra2 a4 32. Rab2 a3 33. Ra2 Rc1 34.
Rba1 Bxd3 35. Rxa3 Bxf1 36. Ra8 Rxa1 37. Rxa1 Bb5 38. Rd1 d3 39. Kh1 Rc2 0-1

[Event "World op"]
[Site "Philadelphia USA"]
[Date "1982.07.04"]
[Round "6"]
[White "Brodie, Hugh"]
[Black "McFarland, M."]
[Result "1/2-1/2"]
[WhiteElo "1935"]
[BlackElo "1902"]
[PlyCount "42"]
[EventDate "1982.07.02"]
[EventType "swiss"]
[EventRounds "8"]
[EventCountry "USA"]

1. Nf3 Nf6 2. g3 g6 3. c4 Bg7 4. Nc3 c5 5. Bg2 Nc6 6. O-O O-O 7. d4 cxd4 8.
Nxd4 Nxd4 9. Qxd4 d6 10. Qh4 Rb8 11. Bh6 Bd7 12. Rac1 Bc6 13. Bxg7 Kxg7 14. Nd5
Bxd5 15. Bxd5 Nxd5 16. cxd5 Qa5 17. Qd4+ Kg8 18. a3 Rbc8 19. e4 a6 20. Qe3 Rfe8
21. Rxc8 Rxc8 1/2-1/2

[Event "World op"]
[Site "Philadelphia USA"]
[Date "1982.07.05"]
[Round "7"]
[White "Steiner, Paul"]
[Black "Brodie, Hugh"]
[Result "1-0"]
[WhiteElo "1980"]
[BlackElo "1935"]
[PlyCount "85"]
[EventDate "1982.07.02"]
[EventType "swiss"]
[EventRounds "8"]
[EventCountry "USA"]

1. e4 c5 2. Bc4 e6 3. Qe2 Nc6 4. Nf3 a6 5. a4 d6 6. O-O Nf6 7. Rd1 Be7 8. d4
cxd4 9. Nxd4 Qc7 10. Nc3 O-O 11. Be3 Bd7 12. f4 Nxd4 13. Rxd4 e5 14. Rd2 Rac8
15. Bb3 Qa5 16. Nd5 Nxd5 17. Rxd5 Qc7 18. a5 Bb5 19. Qg4 Bc4 20. Bb6 Qc6 21.
Ba4 Bb5 22. Bxb5 axb5 23. fxe5 dxe5 24. c3 f5 25. Qe2 b4 26. Rxe5 Bd6 27. Rxf5
bxc3 28. bxc3 Qxc3 29. Rd1 Bc5+ 30. Bxc5 Rxc5 31. Qa2+ Qc4 32. Rxf8+ Kxf8 33.
Qf2+ Ke8 34. Qh4 Rc8 35. Qxh7 Qc5+ 36. Kh1 Qf8 37. h3 Rc6 38. Qh5+ g6 39. Qe5+
Qe7 40. Qh8+ Kf7 41. Rf1+ Ke6 42. Qg8+ Ke5 43. Qd5# 1-0

[Event "World op"]
[Site "Philadelphia USA"]
[Date "1982.07.05"]
[Round "8"]
[White "Brodie, Hugh"]
[Black "Smith, D."]
[Result "1/2-1/2"]
[WhiteElo "1935"]
[BlackElo "1900"]
[PlyCount "34"]
[EventDate "1982.07.02"]
[EventType "swiss"]
[EventRounds "8"]
[EventCountry "USA"]

1. f4 Nf6 2. Nf3 g6 3. d4 Bg7 4. Nc3 d5 5. e3 O-O 6. Bd3 c5 7. dxc5 Qa5 8. O-O
Qxc5 9. Nd4 a6 10. Kh1 Nc6 11. Nb3 Qd6 12. e4 dxe4 13. Nxe4 Nxe4 14. Bxe4 Qxd1
15. Rxd1 Bg4 16. Rf1 Rfd8 17. c3 Be6 1/2-1/2

[Event "Burlington VT-2"]
[Site "Burlington USA"]
[Date "1982.06.05"]
[Round "1"]
[White "Brodie, Hugh"]
[Black "McBride, A."]
[Result "1-0"]
[WhiteElo "1917"]
[BlackElo "1576"]
[PlyCount "107"]
[EventDate "1982.06.05"]
[EventType "swiss"]
[EventRounds "3"]
[EventCountry "USA"]

1. e4 e6 2. d3 Nc6 3. Nd2 Nf6 4. Ngf3 Bc5 5. c3 d5 6. d4 dxe4 7. Ng5 Bb6 8.
Ngxe4 O-O 9. Bd3 e5 10. Nxf6+ Qxf6 11. Ne4 Qd8 12. dxe5 Nxe5 13. Bc2 Qxd1+ 14.
Bxd1 Nd3+ 15. Ke2 Nxc1+ 16. Rxc1 Re8 17. Kf3 Be6 18. Ba4 Re7 19. Rcd1 Bg4+ 20.
Kf4 Bxd1 21. Rxd1 c6 22. Rd2 Bc7+ 23. Kf3 Bxh2 24. g3 Rae8 25. Ng5 Bg1 26. Bd1
Re1 27. Kg2 Bxf2 28. Kxf2 h6 29. Nf3 R1e6 30. Bb3 Rf6 31. Rd7 g5 32. g4 Re4 33.
Rxb7 Rxg4 34. Rxf7 Rxf7 35. Bxf7+ Kf8 36. Bh5 Rf4 37. Ke3 Ke7 38. Ne5 Ke6 39.
Nxc6 a6 40. Nd4+ Kd5 41. Bf3+ Kd6 42. b3 a5 43. a3 Rf8 44. c4 Rf6 45. b4 axb4
46. axb4 Ke5 47. Ne2 Ra6 48. b5 Ra3+ 49. Kf2 Ra4 50. c5 Rb4 51. b6 Rb5 52. b7
Kf6 53. c6 Ke7 54. c7 1-0